000 00605nam a2200205 i 4500
001 58457
003 ES-MaACL
005 20231114062532.0
007 t|
008 031022s1957 sp ||||1| spa d
100 0 _aDuras, Marguerite,
_d1914-1996
_946279
245 1 3 _aEl square /
_cMarguerite Duras ; traducción de C.B. Agesta.
260 _aBarcelona :
_bSeix Barral,
_c1957.
300 _a126 p. ;
_c18 cm.
490 1 _aBiblioteca breve
700 1 _aAgesta, C.B.
_918554
830 0 _aBiblioteca breve (Seix Barral)
_9227188
852 _aES-MaACL
_jC-13942
_bR.41264
999 _c58457
_d58457